00652nam a2200181Ia 4500008004100000020002200041041000800063082001600071100002400087245008000111260003200191300000900223500000700232650002400239700002400263999001700287952016600304230125s9999 xx 000 0 und d a978-0-26571-508-6 aeng a003.54bTOM aTomlinson B9109912 aGreening Through IT-Information Technology for Environmental Sustainability c2010bThe MIT PressaLondon a210p aIT aComputer Management aTomlinson B9109912 c86575d86575 00104070aHIMRbHIMRd2013-03-20eFlipkartg684.00iDEL20130200214574l0o003.54 TOM B11857pHIMR-BK-11857r2023-01-25 00:00:00v684.00w2013-02-13yBKzB11857